Statistics for Top 10 Denver Nuggets NBA Starters

Click here to take the quiz!

General Stats

  • This quiz has been taken 158 times
    (68 since last reset)
  • The average score is 13 of 29

Answer Stats

TeamPlayer% Correct
2018-19, 2019-20, 2020-21, 2022-23Jamal Murray
100%
2018-19, 2019-20, 2020-21, 2022-23Nikola Jokić
100%
2008-09Carmelo Anthony
95%
2020-21, 2022-23Michael Porter Jr.
95%
2020-21, 2022-23Aaron Gordon
93%
1984-85, 1985-86, 1987-88Alex English
91%
2022-23Kentavious Caldwell-Pope
87%
1976-77, 1977-78David Thompson
76%
2008-09Chauncey Billups
71%
1984-85, 1985-86, 1987-88Fat Lever
69%
2018-19, 2019-20Gary Harris
55%
1976-77, 1977-78Dan Issel
51%
2019-20, 2020-21Will Barton
51%
2018-19, 2019-20Paul Millsap
49%
2008-09Nenê
47%
2008-09Kenyon Martin
38%
1976-77, 1977-78Bobby Jones
33%
2008-09Dahntay Jones
33%
1987-88Michael Adams
15%
2018-19Torrey Craig
11%
1984-85, 1985-86Calvin Natt
9%
1987-88Danny Schayes
7%
1984-85, 1985-86Wayne Cooper
7%
1984-85, 1985-86T.R. Dunn
5%
1977-78Anthony Roberts
4%
1987-88Blair Rasmussen
4%
1977-78Bob Wilkerson
0%
1976-77Jim Price
0%
1976-77Ted McClain
0%

Score Distribution

Percentile by Number Answered

Percent of People with Each Score

Your Score History

You have not taken this quiz since the last reset